| 000 | 006390000a22001930004500 | ||
|---|---|---|---|
| 003 | LK-CoMWRAF | ||
| 005 | 20240315114207.0 | ||
| 008 | 230817t1990 ||||| |||| 00| 0 eng d | ||
| 040 |
_aLK-CoMWRAF _dLK-CoMWRAF _eLK-CoMWRAF |
||
| 041 | _aeng | ||
| 082 |
_a297.122 _bWOM |
||
| 111 |
_a WOMEN IN THE QUR'AN: QUR'ANIC INTERPRETATION BY WOMEN _c( Karachi _d8-13th July 1990) |
||
| 245 |
_aWomen in the Qurʼan : information kit: _bQur'anic information by women meeting |
||
| 260 |
_b Lahore; _aShirkat Gah, _c1990 |
||
| 300 | _a119 p. ; 29 cm | ||
| 650 | _aWomen in the Qurʼan | ||
| 650 | _a Muslim women-Qurʼanic teaching | ||
| 942 | _cBK | ||
| 999 |
_c619 _d619 |
||